An Introduction Το Social Psychology / (Record no. 72906)
[ view plain ]
| 000 -LEADER | |
|---|---|
| fixed length control field | 01027nam a2200325 i 4500 |
| 003 - CONTROL NUMBER IDENTIFIER | |
| control field | EG-GICUC |
| 005 - DATE AND TIME OF LATEST TRANSACTION | |
| control field | 20260422212050.0 |
| 008 - FIXED-LENGTH DATA ELEMENTS--GENERAL INFORMATION | |
| fixed length control field | 260422s1945 enk ||f |||| 001 0 eng d |
| 040 ## - CATALOGING SOURCE | |
| Original cataloging agency | EG-GiCUC |
| Transcribing agency | EG-GiCUC |
| Modifying agency | EG-GiCUC |
| Description conventions | Rda |
| Language of cataloging | eng |
| 041 0# - LANGUAGE CODE | |
| Language code of text/sound track or separate title | eng |
| 082 04 - DEWEY DECIMAL CLASSIFICATION NUMBER | |
| Edition number | 21 |
| Classification number | 343.623 |
| Item number | MC . I |
| 092 04 - LOCALLY ASSIGNED DEWEY CALL NUMBER (OCLC) | |
| Edition number | 21 |
| 099 ## - LOCAL FREE-TEXT CALL NUMBER (OCLC) | |
| Classification number | Law1 10 343.623 MC . I 26 ed - 1945 1011230 C1 |
| 100 1# - MAIN ENTRY--PERSONAL NAME | |
| Personal name | Mcdougall, William |
| Relator term | Author. |
| 245 13 - TITLE STATEMENT | |
| Title | An Introduction Το Social Psychology / |
| Statement of responsibility, etc. | by William Mcdougall. |
| 250 ## - EDITION STATEMENT | |
| Edition statement | Twenty-sixth Edition |
| 264 #1 - PRODUCTION, PUBLICATION, DISTRIBUTION, MANUFACTURE, AND COPYRIGHT NOTICE | |
| Place of production, publication, distribution, manufacture | London : |
| Name of producer, publisher, distributor, manufacturer | Methuen & Co. LTD , |
| Date of production, publication, distribution, manufacture, or copyright notice | 1945. |
| 300 ## - PHYSICAL DESCRIPTION | |
| Extent | 524 page ; |
| Dimensions | 24 cm. |
| 336 ## - CONTENT TYPE | |
| Source | rda contenu |
| Content type term | texte |
| 337 ## - MEDIA TYPE | |
| Source | rda medias |
| Media type term | Ordinateur |
| 338 ## - CARRIER TYPE | |
| Source | transporteur rda |
| Carrier type term | Ressource en ligne |
| 500 ## - GENERAL NOTE | |
| General note | Index Pages : 523-524. |
| 546 ## - LANGUAGE NOTE | |
| Language note | Text in English |
| 650 14 - SUBJECT ADDED ENTRY--TOPICAL TERM | |
| Topical term or geographic name entry element | Criminology |
| General subdivision | Psychological |
| 650 14 - SUBJECT ADDED ENTRY--TOPICAL TERM | |
| Topical term or geographic name entry element | Psychological approach |
| 651 1# - SUBJECT ADDED ENTRY--GEOGRAPHIC NAME | |
| Source of heading or term | qrmak |
| 856 40 - ELECTRONIC LOCATION AND ACCESS | |
| Uniform Resource Identifier | <a href="https://fll.law.cu.edu.eg/fulltext/bks/B10-11230.pdf">https://fll.law.cu.edu.eg/fulltext/bks/B10-11230.pdf</a> |
| 905 ## - Cataloger and Reviser Names | |
| Cataloger Name: | Mohamed Yosri |
| 942 ## - ADDED ENTRY ELEMENTS (KOHA) | |
| Source of classification or shelving scheme | Dewey Decimal Classification |
| Koha item type | Books |
| Edition | 21 |
| Suppress in OPAC | No |
| Withdrawn status | Lost status | Source of classification or shelving scheme | Damaged status | Not for loan | Collection | Home library | Current library | Date acquired | Total checkouts | Full call number | Barcode | Date last seen | Copy number | Price effective from | Koha item type |
|---|---|---|---|---|---|---|---|---|---|---|---|---|---|---|---|
| Dewey Decimal Classification | Not for loan | القانون الجنائي | جــــامعة القــاهرة | مكتبة كلية الحقوق - المبنى الرئيسي | 22.04.2026 | Law1 10 343.623 MC . I 26 ed - 1945 1011230 C1 | B10-11230 | 22.04.2026 | 1 | 22.04.2026 | Books |